Ebony - Paroles RAGE - Statistiques

Statistiques générales
  • Ce quiz a été pris 44 fois
  • Le résultat moyen est 313 sur 453
Statistiques - réponses
Hint Réponse % Correct
j'
96%
J'
96%
à
91%
a
91%
À
91%
ah,
91%
ah
91%
Couplet 2 Ah,
91%
autres
91%
avec
91%
bons
91%
c'
91%
ça
91%
de
91%
dents
91%
Intro Ahh!
91%
fais
91%
le
91%
urghh
91%
Il
87%
La
87%
la
87%
(La
87%
les
87%
Refrain Les
87%
m'
87%
n'
87%
Pont Oh,
87%
(Oh,
87%
oh,
87%
oh)
87%
Outro La rage
78%
donné
78%
ils
78%
Ils
78%
Je
78%
je
78%
moi,
78%
moi
78%
pas
78%
rage,
78%
rage
78%
rage)
78%
se
78%
Post-refrain Queen
74%
en
74%
limi-,
74%
limites
74%
me
74%
ont
74%
Plus
74%
plus
74%
Queen
74%
(Queen
74%
ai
70%
après
70%
bout
70%
comprends
70%
Confiance
70%
confiance
70%
fautes
70%
go
70%
go !
70%
haine
70%
ma
70%
mes
70%
mis
70%
Sanction
70%
Sheba!
70%
(Sheba)
70%
Sheba)
70%
Sheba
70%
vais
70%
dépasser
65%
fois,
65%
jamais
65%
mot
65%
ne
65%
sont
65%
Couplet 1 Cette
61%
cette
61%
genoux
61%
juste
61%
mets
61%
aiment
57%
manières,
57%
mimiques
57%
démons,
52%
est
52%
pourquoi
52%
sais
48%
v'la
48%
(V'la
48%
base,
43%
connais
43%
des
43%
malade
43%
mon
43%
Mon
43%
rien
43%
tu
43%
contiens
39%
sens
39%
si
39%
suis
39%
tout
39%
autoroute,
35%
droit,
35%
fait
35%
fonce
35%
froid,
35%
perdre
35%
pression
35%
sans
35%
savais
35%
sous
35%
barrières,
30%
bat,
30%
cœur
30%
30%
magie,
30%
maintenant
30%
Nouveau
30%
page
30%
prête
30%
sauvée
30%
timing,
30%
tourne
30%
toutes
30%
chapitre,
26%
Effacer
26%
Eux,
26%
oublie
26%
parlent,
26%
doutes
22%
égare,
22%
Perdue
22%
évade,
13%
Aucun quiz correspondant
Distribution des résultats
% des personnes avec chaque résultat
Percentile par nombre de réponses
Votre historique - résultats
Vous n’avez pas pris ce quiz